000
00461nam a2200181Ia 4500
008
090124s9999 xx 000 0 und d
082
_b
22670
100
_a
कदम बाबा
245
_a
भालू
250
_a
0
260
_b
रंजन पब्लिकेशन्स
300
_a
226
600
_a
कदम बाबा
630
_a
भालू
700
_a
कदम बाबा
730
_a
भालू
942
_c
BOOK
999
_c
107147
_d
107147